[Event "Acropolis 2007"]
[Site "Athens"]
[Date "2007.08.17"]
[Round "4.33"]
[White "Iordanidou, Zoi"]
[Black "Pountzas, Hrisanthos"]
[Result "0-1"]
[WhiteElo "2005"]
[BlackElo "2238"]
[Annotator "Michailidis Anastasios"]
[PlyCount "58"]
[EventDate "2007.08.14"]
[Source "Greek Chess Fed"]

1. e4 c5 2. Nf3 d6 3. d3 g6 4. g3 Bg7 5. Bg2 Nf6 6. Nbd2 O-O 7. O-O Nc6 8. Re1
Bd7 9. Nf1 Rc8 10. h4 b5 11. N3h2 h5 12. Ne3 Ne5 13. f3 Be6 14. g4 hxg4 15.
fxg4 Qd7 16. Bf3 d5 17. g5 Nxf3+ 18. Qxf3 dxe4 19. dxe4 Nh5 20. Rd1 Qb7 21. Nd5
Rcd8 22. c3 f5 23. gxf6 Bxd5 24. exd5 Nxf6 25. Qg3 Rxd5 26. Be3 Rf5 27. Rf1 Nh5
28. Qxg6 Qe4 29. Bf2 Nf4 0-1

[Event "Acropolis 2007"]
[Site "Athens"]
[Date "2007.08.17"]
[Round "4.34"]
[White "Petraki, Maria"]
[Black "Krivec, Jana"]
[Result "0-1"]
[WhiteElo "2069"]
[BlackElo "2340"]
[Annotator "Michailidis Anastasios"]
[PlyCount "78"]
[EventDate "2007.08.14"]
[Source "Greek Chess Fed"]

1. e4 e5 2. Nf3 Nc6 3. Bc4 Nf6 4. d3 Be7 5. O-O O-O 6. c3 d5 7. exd5 Nxd5 8. h3
a6 9. Re1 Nb6 10. Bb3 Bf6 11. Bc2 Bf5 12. Nh2 Bg5 13. Qf3 Bxc1 14. Rxc1 Qg5 15.
Rd1 Nc4 16. b3 Nb2 17. Rd2 Rad8 18. Qe2 Bxd3 19. Bxd3 Nxd3 20. Rxd3 Rxd3 21.
Qxd3 Qc1+ 22. Qf1 Qb2 23. Na3 Qxa3 24. Qe2 Qc5 25. Qf3 f5 26. Rd1 e4 27. Qf4
Ne5 28. c4 Nd3 29. Qd2 Rd8 30. Qe2 Rd6 31. Nf1 Nxf2 32. Rxd6 Nd3+ 33. Ne3 cxd6
34. Kh1 Qe5 35. Nd5 Nf4 36. Nxf4 Qxf4 37. b4 h6 38. Qc2 Qf1+ 39. Kh2 e3 0-1

[Event "Acropolis 2007"]
[Site "Athens"]
[Date "2007.08.17"]
[Round "4.36"]
[White "Nikolaou, Georgios"]
[Black "Ikonomopoulou, Maria"]
[Result "1-0"]
[WhiteElo "2257"]
[BlackElo "2029"]
[Annotator "Michailidis Anastasios"]
[PlyCount "87"]
[EventDate "2007.08.14"]
[Source "Greek Chess Fed"]

1. Nf3 g6 2. g3 Bg7 3. Bg2 e5 4. d3 d5 5. O-O Ne7 6. e4 O-O 7. exd5 Nxd5 8. Re1
Nc6 9. Nbd2 Nb6 10. Nb3 h6 11. c3 a5 12. a4 g5 13. Nc5 Nd7 14. Be3 Qe7 15. Nxd7
Bxd7 16. d4 e4 17. d5 Nd8 18. Nd2 f5 19. f4 Nf7 20. Nb3 b6 21. Qe2 Qe8 22. Nd4
gxf4 23. gxf4 Nd6 24. b3 Qf7 25. c4 Nb7 26. Kh1 Nc5 27. Rg1 Kh7 28. Rad1 Rg8
29. Bh3 Nd3 30. Rdf1 Bh8 31. Nc2 Rxg1+ 32. Rxg1 Rg8 33. Rxg8 Qxg8 34. Ne1 Nxe1
35. Qxe1 Qf8 36. Qh4 Qa3 37. Qd8 Qa1+ 38. Bg1 Qg7 39. Bd4 Qxd4 40. Qxd7+ Qg7
41. Bxf5+ Kg8 42. Qe8+ Qf8 43. Bh7+ Kxh7 44. Qxf8 1-0

[Event "Acropolis 2007"]
[Site "Athens"]
[Date "2007.08.17"]
[Round "4.37"]
[White "Zografos, Achileas"]
[Black "Stiri, Alexandra"]
[Result "0-1"]
[WhiteElo "2201"]
[BlackElo "2251"]
[Annotator "Michailidis Anastasios"]
[PlyCount "54"]
[EventDate "2007.08.14"]
[Source "Greek Chess Fed"]

1. e4 c5 2. c3 d5 3. exd5 Qxd5 4. d4 e6 5. Nf3 Nf6 6. Bd3 Bd7 7. O-O Bc6 8. Re1
cxd4 9. cxd4 Bd6 10. Nc3 Qh5 11. Be2 Bxf3 12. Bxf3 Qxh2+ 13. Kf1 Nbd7 14. d5
O-O 15. dxe6 fxe6 16. Rxe6 Bc5 17. Be3 Rad8 18. Ke2 Bxe3 19. Rxe3 Nc5 20. Qc2
Qh4 21. Rd1 Ng4 22. Rf1 Nxe3 23. fxe3 Qc4+ 24. Kf2 b5 25. a3 a5 26. Qb1 b4 27.
axb4 axb4 0-1

[Event "Acropolis 2007"]
[Site "Athens"]
[Date "2007.08.17"]
[Round "4.38"]
[White "Makka, Ioulia"]
[Black "Sioris, Georgios"]
[Result "1/2-1/2"]
[WhiteElo "2187"]
[BlackElo "2229"]
[Annotator "Michailidis Anastasios"]
[PlyCount "158"]
[EventDate "2007.08.14"]
[Source "Greek Chess Fed"]

1. e4 c5 2. Nc3 d6 3. Nge2 Nf6 4. d4 cxd4 5. Nxd4 a6 6. Be2 e5 7. Nb3 Be7 8.
O-O O-O 9. a4 Be6 10. Kh1 Nbd7 11. a5 Rc8 12. Be3 Re8 13. f3 Qc7 14. Rf2 Qc6
15. Bf1 d5 16. exd5 Nxd5 17. Nxd5 Bxd5 18. Rd2 Be6 19. f4 Qe4 20. Bg1 Nc5 21.
Nxc5 Bxc5 22. Bxc5 Rxc5 23. Rd8 Rc8 24. Rxe8+ Rxe8 25. fxe5 Qxe5 26. c3 g6 27.
Qd2 Bd5 28. b4 Bc6 29. Rd1 Qe3 30. Qxe3 Rxe3 31. Rc1 f5 32. Kg1 f4 33. c4 Rb3
34. b5 axb5 35. cxb5 Bd5 36. Rc5 Be6 37. Rc7 Ra3 38. a6 bxa6 39. bxa6 Bd5 40.
a7 h5 41. Be2 Ra1+ 42. Kf2 Ra2 43. h4 Kf8 44. Rd7 Bc6 45. Rd6 Bb7 46. Rxg6 Rxa7
47. Bxh5 Ra2+ 48. Be2 Kf7 49. Rg4 Ra4 50. Bf3 Bc8 51. Rg5 Kf6 52. Rg8 Be6 53.
Rf8+ Kg7 54. Re8 Bf7 55. Re1 Ra2+ 56. Kg1 Kf6 57. Kh2 Ra4 58. Rb1 Rd4 59. Rb6+
Ke5 60. h5 Be6 61. h6 Rd8 62. h7 Rh8 63. Rb5+ Kd4 64. Rh5 Bc4 65. Kh3 Bd3 66.
Kg4 Rxh7 67. Rxh7 Bxh7 68. Kxf4 Bc2 69. g4 Bb1 70. Bb7 Bd3 71. g5 Bg6 72. Bc8
Kd5 73. Bf5 Bh5 74. Bc2 Ke6 75. Bb3+ Ke7 76. Kf5 Bf7 77. Bd1 Be8 78. Ke5 Bg6
79. Bg4 Kf7 1/2-1/2

[Event "Acropolis 2007"]
[Site "Athens"]
[Date "2007.08.17"]
[Round "4.39"]
[White "Stefanidi, Maria Anna"]
[Black "Parginos, Vassilios"]
[Result "1/2-1/2"]
[WhiteElo "2092"]
[BlackElo "2226"]
[Annotator "Michailidis Anastasios"]
[PlyCount "31"]
[EventDate "2007.08.14"]
[Source "Greek Chess Fed"]

1. e4 c5 2. Nf3 Nc6 3. d4 cxd4 4. Nxd4 Nf6 5. Nc3 e5 6. Nde2 Bc5 7. Ng3 Qb6 8.
Qd2 Ng4 9. Nd1 O-O 10. Bd3 f5 11. Bc4+ Kh8 12. exf5 Nxf2 13. Nxf2 Bxf2+ 14.
Qxf2 Qb4+ 15. c3 Qxc4 16. Bg5 1/2-1/2

[Event "Acropolis 2007"]
[Site "Athens"]
[Date "2007.08.17"]
[Round "4.40"]
[White "Makka, Evanthia"]
[Black "Kokolias, Konstantinos"]
[Result "1-0"]
[WhiteElo "2107"]
[BlackElo "2224"]
[Annotator "Michailidis Anastasios"]
[PlyCount "137"]
[EventDate "2007.08.14"]
[Source "Greek Chess Fed"]

1. d4 c6 2. e4 d5 3. exd5 cxd5 4. c3 Nc6 5. Bf4 Nf6 6. Nd2 Bf5 7. Ngf3 h6 8.
Qb3 Qc8 9. h3 a6 10. a4 e6 11. Be2 Be7 12. O-O O-O 13. Rfe1 Ne4 14. Nxe4 Bxe4
15. Nd2 Bf5 16. Qd1 Bd8 17. Bg4 Bh7 18. Bh2 Na5 19. Qe2 Bc7 20. f4 Bd6 21. Qf1
Qc7 22. Kh1 Rac8 23. Re3 Qb8 24. Be2 Bc2 25. Qf2 Nb3 26. Nxb3 Bxb3 27. Bd3 Qc7
28. Qh4 Kh8 29. a5 Qe7 30. Qxe7 Bxe7 31. f5 Bg5 32. Rf3 Kg8 33. Re1 exf5 34.
Rxf5 Rfe8 35. Rfe5 Rxe5 36. Rxe5 g6 37. Be2 Bf6 38. Bg4 Rd8 39. Re2 Bd1 40. Rf2
Bh4 41. Rf1 Bxg4 42. hxg4 Re8 43. Be5 f6 44. Bf4 Re1 45. Rxe1 Bxe1 46. Kg1 h5
47. gxh5 gxh5 48. g3 h4 49. Kf1 h3 50. Kg1 Kh7 51. Kh2 Kg6 52. g4 f5 53. g5 Bf2
54. Kxh3 Be1 55. Kg2 Bh4 56. Kf3 Be1 57. Be3 Bh4 58. Bd2 Kh5 59. b3 Kg6 60. c4
Kf7 61. Kf4 Ke6 62. cxd5+ Kxd5 63. Kxf5 Bxg5 64. Bxg5 Kxd4 65. Bd2 Kc5 66. Ke6
Kb5 67. Kd5 b6 68. axb6 Kxb6 69. Kc4 1-0

[Event "Acropolis 2007"]
[Site "Athens"]
[Date "2007.08.18"]
[Round "5.2"]
[White "Moutousis, Konstantinos"]
[Black "Rozentalis, Eduardas"]
[Result "1/2-1/2"]
[WhiteElo "2428"]
[BlackElo "2551"]
[Annotator "Michailidis Anastasios"]
[PlyCount "30"]
[EventDate "2007.08.14"]
[Source "Greek Chess Fed"]

1. d4 e6 2. c4 Nf6 3. g3 d5 4. Nf3 dxc4 5. Bg2 Bd7 6. Ne5 Bc6 7. Nxc6 Nxc6 8.
O-O Qd7 9. e3 Rb8 10. Qe2 b5 11. b3 cxb3 12. axb3 Be7 13. Nc3 O-O 14. Nxb5 a5
15. Nc3 Nd5 1/2-1/2

[Event "Acropolis 2007"]
[Site "Athens"]
[Date "2007.08.18"]
[Round "5.7"]
[White "Dembo, Yelena"]
[Black "Halkias, Stelios"]
[Result "1/2-1/2"]
[WhiteElo "2464"]
[BlackElo "2580"]
[Annotator "Michailidis Anastasios"]
[PlyCount "52"]
[EventDate "2007.08.14"]
[Source "Greek Chess Fed"]

1. e4 e5 2. Nf3 Nc6 3. d4 exd4 4. Nxd4 Bc5 5. Be3 Qf6 6. c3 Nge7 7. Bc4 Ne5 8.
Be2 Qg6 9. O-O d6 10. f3 O-O 11. Nd2 d5 12. N2b3 Bb6 13. Bf4 Qf6 14. Qc1 h6 15.
Kh1 N5g6 16. Bg3 Re8 17. Qd2 c6 18. Rae1 Bd7 19. Bd1 Ne5 20. f4 Nc4 21. Qe2 Nf5
22. e5 Qg6 23. Bf2 Nxd4 24. Bxd4 Bf5 25. Qf2 f6 26. Qh4 Be4 1/2-1/2

[Event "Acropolis 2007"]
[Site "Athens"]
[Date "2007.08.18"]
[Round "5.8"]
[White "Nikolaidis, Ioannis"]
[Black "Banikas, Hristos"]
[Result "1/2-1/2"]
[WhiteElo "2525"]
[BlackElo "2567"]
[Annotator "Michailidis Anastasios"]
[PlyCount "30"]
[EventDate "2007.08.14"]
[Source "Greek Chess Fed"]

1. e4 e5 2. Nf3 Nc6 3. Bb5 a6 4. Ba4 Nf6 5. O-O b5 6. Bb3 Be7 7. Re1 O-O 8. c3
d5 9. exd5 Nxd5 10. Nxe5 Nxe5 11. Rxe5 c6 12. d4 Bd6 13. Re1 Qh4 14. g3 Qh3 15.
Re4 g5 1/2-1/2

[Event "Acropolis 2007"]
[Site "Athens"]
[Date "2007.08.18"]
[Round "5.9"]
[White "Erdogdu, Mert"]
[Black "Romanishin, Oleg M"]
[Result "1/2-1/2"]
[WhiteElo "2423"]
[BlackElo "2546"]
[Annotator "Michailidis Anastasios"]
[PlyCount "97"]
[EventDate "2007.08.14"]
[Source "Greek Chess Fed"]

1. e4 e5 2. Nf3 Nc6 3. Bb5 a6 4. Ba4 Nf6 5. O-O Be7 6. Re1 b5 7. Bb3 d6 8. c3
O-O 9. h3 Na5 10. Bc2 c5 11. d4 Nd7 12. Nbd2 cxd4 13. cxd4 Nc6 14. Nb3 a5 15.
Bd3 a4 16. Bxb5 Qb6 17. Bxc6 Qxc6 18. Nbd2 Bf6 19. b3 axb3 20. Nxb3 exd4 21.
Nbxd4 Qa4 22. Bg5 Bb7 23. Bxf6 Nxf6 24. e5 dxe5 25. Nxe5 Rfe8 26. Qxa4 Rxa4 27.
Nb3 Bd5 28. Ng4 Rxe1+ 29. Rxe1 Rxa2 30. Nxf6+ gxf6 31. Re8+ Kg7 32. Nd4 h6 33.
Nf5+ Kh7 34. Ng3 Be6 35. Nh5 f5 36. Nf4 Ra6 37. Kh2 Kg7 38. Kg3 Kf6 39. Rg8 Ke5
40. Rh8 Bc4 41. Rc8 Be6 42. Rc3 Ra4 43. Re3+ Kf6 44. f3 Ba2 45. Rc3 Be6 46. Rc7
Kg5 47. h4+ Kf6 48. Rb7 Ra8 49. Rb5 1/2-1/2

[Event "Acropolis 2007"]
[Site "Athens"]
[Date "2007.08.18"]
[Round "5.12"]
[White "Khetsuriani, Besarion"]
[Black "Grivas, Efstratios"]
[Result "1/2-1/2"]
[WhiteElo "2367"]
[BlackElo "2507"]
[Annotator "Michailidis Anastasios"]
[PlyCount "118"]
[EventDate "2007.08.14"]
[Source "Greek Chess Fed"]

1. g3 g6 2. Bg2 Bg7 3. c4 d6 4. Nc3 Nc6 5. Nf3 Nf6 6. O-O O-O 7. d3 e5 8. Rb1
a5 9. Bg5 h6 10. Bxf6 Qxf6 11. a3 Qd8 12. Nd2 Ne7 13. Qc2 c6 14. b4 axb4 15.
axb4 d5 16. b5 Be6 17. Na4 dxc4 18. dxc4 cxb5 19. Nc5 Bf5 20. e4 Bc8 21. cxb5
b6 22. Nd3 Be6 23. Nb4 Qd6 24. Rfd1 Rfc8 25. Nf1 Qb8 26. Qb2 Ra5 27. Na6 Qb7
28. Ra1 Bc4 29. Rxa5 bxa5 30. Bh3 Ra8 31. Rb1 Qxb5 32. Qxb5 Bxb5 33. Nc7 Bxf1
34. Kxf1 Ra7 35. Rb8+ Bf8 36. Nb5 Ra6 37. Nc7 Ra7 38. Nb5 Ra6 39. Nc7 Rc6 40.
Ne8 Rc1+ 41. Kg2 Nc6 42. Ra8 Bb4 43. Bd7 Nd4 44. Nf6+ Kg7 45. Ng4 Rc5 46. Re8
Rc7 47. Ba4 f6 48. Ne3 Rb7 49. Nd5 Ne2 50. Rc8 f5 51. exf5 gxf5 52. Bc6 Ra7 53.
Ba4 Nd4 54. h3 Kf7 55. f4 exf4 56. Nxf4 Bd6 57. Rd8 Ke7 58. Rh8 Ra6 59. Rxh6
Kf7 1/2-1/2

[Event "Acropolis 2007"]
[Site "Athens"]
[Date "2007.08.18"]
[Round "5.13"]
[White "Haznedaroglu, Kivanc"]
[Black "Filippas, Sebastian"]
[Result "1/2-1/2"]
[WhiteElo "2440"]
[BlackElo "2145"]
[Annotator "Michailidis Anastasios"]
[PlyCount "132"]
[EventDate "2007.08.14"]
[Source "Greek Chess Fed"]

1. e4 c5 2. Nf3 d6 3. d4 Nf6 4. Nc3 cxd4 5. Nxd4 g6 6. Be3 Bg7 7. f3 Nc6 8. Qd2
O-O 9. Bc4 Bd7 10. O-O-O Rb8 11. Bb3 Na5 12. Bh6 Bxh6 13. Qxh6 b5 14. h4 e5 15.
Nde2 b4 16. Nd5 Nxb3+ 17. axb3 Nxd5 18. Rxd5 Rb6 19. h5 g5 20. f4 Bg4 21. Nd4
gxf4 22. g3 fxg3 23. Rg1 Qh4 24. Qe3 Kh8 25. Qxg3 Qxg3 26. Rxg3 Bxh5 27. Nf5
Rg8 28. Rxg8+ Kxg8 29. Nxd6 Bg6 30. Kd2 f6 31. Ke3 Rc6 32. Kd3 h5 33. Nc4 a6
34. Ke3 Bf7 35. Rd8+ Kg7 36. Nd6 Bg6 37. Nc4 Bf7 38. Nd6 Be6 39. Kd2 h4 40.
Nf5+ Bxf5 41. exf5 Kh6 42. Rg8 Kh5 43. c4 bxc3+ 44. bxc3 h3 45. c4 h2 46. Rh8+
Kg4 47. Rxh2 Kxf5 48. Kc3 Ke4 49. b4 f5 50. Re2+ Kf4 51. Ra2 Ke3 52. Ra5 Ke4
53. Ra1 f4 54. Re1+ Kf5 55. c5 f3 56. Kc4 Kf4 57. Kd5 Rf6 58. c6 f2 59. Rf1 Kf3
60. c7 Rf8 61. Kxe5 Ke2 62. Rc1 f1=Q 63. Rxf1 Kxf1 64. Kd6 Ke2 65. Kd7 Kd3 66.
c8=Q Rxc8 1/2-1/2

[Event "Acropolis 2007"]
[Site "Athens"]
[Date "2007.08.18"]
[Round "5.14"]
[White "Managadze, Nikoloz"]
[Black "Skalkotas, Nikolaos"]
[Result "1-0"]
[WhiteElo "2433"]
[BlackElo "2275"]
[Annotator "Michailidis Anastasios"]
[PlyCount "69"]
[EventDate "2007.08.14"]
[Source "Greek Chess Fed"]

1. Nf3 Nf6 2. b3 a5 3. c4 e6 4. Bb2 a4 5. bxa4 d5 6. e3 Nbd7 7. cxd5 exd5 8.
Nc3 c6 9. Bd3 Bd6 10. h3 O-O 11. O-O Re8 12. Bc2 Nc5 13. Rb1 Nfe4 14. Ne2 Bf8
15. d3 Nd6 16. Ned4 g6 17. Ba3 Nd7 18. Re1 Nf5 19. Bxf8 Nxd4 20. Bb4 Nxc2 21.
Qxc2 Ne5 22. Nxe5 Rxe5 23. Bc3 Re6 24. a5 c5 25. e4 d4 26. Bd2 Rc6 27. Rb5 Be6
28. Rxc5 Rac8 29. Rxc6 Rxc6 30. Qb2 Rc7 31. a6 Qc8 32. a7 Rd7 33. Rc1 Qa8 34.
Qb6 h5 35. Bf4 1-0

[Event "Acropolis 2007"]
[Site "Athens"]
[Date "2007.08.18"]
[Round "5.15"]
[White "Erturan, Yakup"]
[Black "Kapnisis, Spyridon"]
[Result "1/2-1/2"]
[WhiteElo "2389"]
[BlackElo "2412"]
[Annotator "Michailidis Anastasios"]
[PlyCount "76"]
[EventDate "2007.08.14"]
[Source "Greek Chess Fed"]

1. e4 e5 2. Nf3 Nc6 3. Bb5 a6 4. Ba4 Nf6 5. O-O Be7 6. Re1 b5 7. Bb3 d6 8. c3
O-O 9. d4 Bg4 10. Be3 Nxe4 11. Bd5 Qd7 12. Bxe4 d5 13. Bc2 e4 14. h3 Bh5 15.
Ne5 Bxd1 16. Nxd7 Bxc2 17. Nxf8 Rxf8 18. Bf4 Rc8 19. g4 Nd8 20. Nd2 Ne6 21. Be3
g6 22. f3 f5 23. fxe4 dxe4 24. d5 f4 25. dxe6 fxe3 26. Nf1 Bd3 27. Nxe3 Rf8 28.
Nd5 Bc5+ 29. Kh1 Rf2 30. b4 Bd6 31. g5 Kf8 32. Nf6 Rh2+ 33. Kg1 Rxh3 34. Nxe4
Bxe4 35. Rxe4 Rg3+ 36. Kh1 Rh3+ 37. Kg2 Rg3+ 38. Kh1 Rh3+ 1/2-1/2

[Event "Acropolis 2007"]
[Site "Athens"]
[Date "2007.08.18"]
[Round "5.16"]
[White "Burtasova, Anna"]
[Black "Dzagnidze, Nana"]
[Result "0-1"]
[WhiteElo "2337"]
[BlackElo "2404"]
[Annotator "Michailidis Anastasios"]
[PlyCount "54"]
[EventDate "2007.08.14"]
[Source "Greek Chess Fed"]

1. e4 c5 2. Nf3 d6 3. Bc4 Nc6 4. O-O Nf6 5. Qe2 Bg4 6. c3 e6 7. Bb3 Be7 8. d3
O-O 9. Nbd2 b5 10. h3 Bh5 11. Rd1 a5 12. a3 a4 13. Bc2 d5 14. d4 cxd4 15. Qxb5
dxc3 16. bxc3 Qc7 17. exd5 Nxd5 18. Be4 Bxf3 19. Nxf3 Nxc3 20. Bxh7+ Kxh7 21.
Qd3+ Kh8 22. Qxc3 Bf6 23. Nd4 Rac8 24. Bb2 Qb6 25. Qf3 Nxd4 26. Bxd4 Bxd4 27.
Rab1 Qc5 0-1

[Event "Acropolis 2007"]
[Site "Athens"]
[Date "2007.08.18"]
[Round "5.17"]
[White "Logothetis, Sotirios"]
[Black "Svetushkin, Dmitry"]
[Result "0-1"]
[WhiteElo "2300"]
[BlackElo "2618"]
[Annotator "Michailidis Anastasios"]
[PlyCount "70"]
[EventDate "2007.08.14"]
[Source "Greek Chess Fed"]

1. d4 d5 2. c4 c6 3. Nf3 Nf6 4. Nc3 e6 5. Bg5 Nbd7 6. cxd5 exd5 7. e3 Be7 8.
Qc2 Nh5 9. Bxe7 Qxe7 10. O-O-O Nb6 11. Ne5 Nf6 12. h3 Ne4 13. Kb1 Bf5 14. Nd3
a5 15. Ka1 Nc4 16. g4 Nxc3 17. Qxc3 Be4 18. Rg1 a4 19. Be2 Bxd3 20. Bxd3 b5 21.
a3 O-O 22. g5 Rac8 23. Qb4 Qa7 24. Bf5 c5 25. dxc5 Rxc5 26. Bg4 Na5 27. Kb1 Nc6
28. Qd2 b4 29. axb4 Rb5 30. Be2 Rxb4 31. Rg4 Rb6 32. Qxd5 Rfb8 33. Rc4 Rxb2+
34. Kc1 Rxe2 35. Qxc6 Rb1+ 0-1

[Event "Acropolis 2007"]
[Site "Athens"]
[Date "2007.08.18"]
[Round "5.18"]
[White "Mastrovasilis, Athanasios"]
[Black "Goritsas, Christos"]
[Result "1-0"]
[WhiteElo "2538"]
[BlackElo "2327"]
[Annotator "Michailidis Anastasios"]
[PlyCount "43"]
[EventDate "2007.08.14"]
[Source "Greek Chess Fed"]

1. d4 d6 2. g3 e5 3. dxe5 dxe5 4. Qxd8+ Kxd8 5. Nc3 c6 6. f4 Nd7 7. Nf3 Bd6 8.
Ne4 Bc7 9. fxe5 Nxe5 10. Bg5+ f6 11. O-O-O+ Ke7 12. Be3 b6 13. Bg2 Nc4 14. Bf2
Nh6 15. Nd4 Bd7 16. Nc3 Ng4 17. Nxc6+ Bxc6 18. Bxc6 Bf4+ 19. gxf4 Nxf2 20. Rd7+
Ke6 21. Rf1 Rac8 22. f5+ 1-0

[Event "Acropolis 2007"]
[Site "Athens"]
[Date "2007.08.18"]
[Round "5.19"]
[White "Makropoulou, Marina"]
[Black "Morchiashvili, Bachana"]
[Result "0-1"]
[WhiteElo "2266"]
[BlackElo "2415"]
[Annotator "Michailidis Anastasios"]
[PlyCount "66"]
[EventDate "2007.08.14"]
[Source "Greek Chess Fed"]

1. e4 c6 2. d4 d5 3. Nc3 dxe4 4. Nxe4 Bf5 5. Ng3 Bg6 6. Bc4 e6 7. N1e2 Nf6 8.
Nf4 Bd6 9. Bb3 Nbd7 10. h4 Qc7 11. Qf3 e5 12. Nxg6 hxg6 13. Ne4 exd4 14. Bg5
O-O-O 15. O-O-O Rhe8 16. Nxd6+ Qxd6 17. Bxf7 Rf8 18. Qb3 Ne5 19. Be6+ Kb8 20.
Rhe1 Rde8 21. Bh3 c5 22. Kb1 Nd5 23. f3 c4 24. Qa4 Nb6 25. Qa5 d3 26. cxd3 Nxd3
27. Bc1 Qc6 28. Rxe8+ Rxe8 29. Qc3 a6 30. Qxg7 Qa4 31. b3 cxb3 32. a3 Qc4 33.
Bf4+ Nxf4 0-1

[Event "Acropolis 2007"]
[Site "Athens"]
[Date "2007.08.18"]
[Round "5.20"]
[White "Can, Emre"]
[Black "Lauridsen, Jesper Morck"]
[Result "1-0"]
[WhiteElo "2411"]
[BlackElo "2302"]
[Annotator "Michailidis Anastasios"]
[PlyCount "59"]
[EventDate "2007.08.14"]
[Source "Greek Chess Fed"]

1. e4 c5 2. c3 b6 3. d4 Bb7 4. Bd3 Nf6 5. Qe2 cxd4 6. cxd4 Nc6 7. Nf3 Nb4 8.
Nc3 Nxd3+ 9. Qxd3 Qc8 10. Bg5 Ba6 11. Qe3 h6 12. Bxf6 gxf6 13. Rc1 Qd8 14. Nd5
Rc8 15. Rxc8 Qxc8 16. Kd2 Bb7 17. Rc1 Bc6 18. Nf4 Qa6 19. d5 Bb7 20. Nh5 Rg8
21. g3 Qa5+ 22. Kd1 Kd8 23. Qd4 f5 24. Qe5 d6 25. Qxf5 Qxa2 26. Qxf7 Qb3+ 27.
Rc2 Ba6 28. Nd2 Qb5 29. Nf4 Bc8 30. Qxg8 1-0

[Event "Acropolis 2007"]
[Site "Athens"]
[Date "2007.08.18"]
[Round "5.21"]
[White "Krivoborodov, Egor"]
[Black "Gogolis, Alexandros"]
[Result "1-0"]
[WhiteElo "2403"]
[BlackElo "2289"]
[Annotator "Michailidis Anastasios"]
[PlyCount "145"]
[EventDate "2007.08.14"]
[Source "Greek Chess Fed"]

1. e4 d5 2. exd5 Qxd5 3. Nc3 Qa5 4. d4 c6 5. Nf3 Nf6 6. Bc4 Bf5 7. Bd2 e6 8.
Nd5 Qd8 9. Nxf6+ Qxf6 10. Qe2 Nd7 11. d5 cxd5 12. Bxd5 Be7 13. Bc3 Bb4 14. Bxb4
Qxb2 15. O-O Qxb4 16. Rab1 Qa4 17. Rxb7 O-O 18. Bb3 Qc6 19. Rb4 Nb6 20. Nd4 Qc5
21. Qb5 Qxb5 22. Rxb5 Be4 23. Re1 Bd5 24. Bxd5 Nxd5 25. c4 Nb6 26. c5 Nd5 27.
Rb7 g6 28. g3 Rfc8 29. c6 Rc7 30. Reb1 Rac8 31. f4 Kf8 32. R1b3 Ke8 33. Ra3
Rxb7 34. cxb7 Rb8 35. Rxa7 Kd7 36. a4 Kc7 37. a5 Rxb7 38. Nb5+ Kb8 39. Rxb7+
Kxb7 40. Nd6+ Ka6 41. Nxf7 Kxa5 42. Ng5 Nf6 43. Nxe6 Kb5 44. Kf2 Kc6 45. Kf3
Kd6 46. Ng5 Kd5 47. Nf7 Ke6 48. Ne5 Nd5 49. Kg4 Kf6 50. Nd7+ Ke7 51. Nc5 Kf6
52. Ne4+ Kg7 53. Kf3 h6 54. Nf2 g5 55. Ke4 Nf6+ 56. Kf5 gxf4 57. gxf4 Nd5 58.
Ng4 Ne7+ 59. Ke4 Kg6 60. Ne3 Kf6 61. Kf3 Kf7 62. Kg4 Kg6 63. f5+ Kf6 64. Kf4
Nc6 65. Ng4+ Kg7 66. f6+ Kh7 67. Kf5 Nd4+ 68. Ke5 Nf3+ 69. Ke6 Ng5+ 70. Ke7 Kg6
71. h4 Nh7 72. f7 h5 73. Nf6 1-0

[Event "Acropolis 2007"]
[Site "Athens"]
[Date "2007.08.18"]
[Round "5.22"]
[White "Melia, Salome"]
[Black "Petritaj, Fotjon"]
[Result "1-0"]
[WhiteElo "2372"]
[BlackElo "2250"]
[Annotator "Michailidis Anastasios"]
[PlyCount "111"]
[EventDate "2007.08.14"]
[Source "Greek Chess Fed"]

1. e4 e6 2. d4 d5 3. Nc3 Bb4 4. e5 c5 5. Bd2 Bxc3 6. Bxc3 cxd4 7. Qxd4 Ne7 8.
Nf3 Nbc6 9. Qf4 Rb8 10. Bd3 h6 11. O-O-O b5 12. Qg4 Kf8 13. Bb4 Nxb4 14. Qxb4
Bd7 15. g4 a5 16. Qf4 Nc6 17. g5 h5 18. g6 f6 19. Rhg1 Qc7 20. Rde1 Ke8 21. Kb1
Rf8 22. Qg3 fxe5 23. Nxe5 h4 24. Qg5 Nxe5 25. Rxe5 Qd8 26. Qe3 Qb6 27. Qh3 Qxf2
28. Rf1 Qc5 29. Rfe1 Rb6 30. Qxh4 Qe7 31. Qd4 Rd6 32. Qc5 Ra6 33. Qxd5 Qd6 34.
Qxd6 Rxd6 35. Bxb5 Bxb5 36. Rxb5 Rf6 37. Rxa5 Rxg6 38. Ra8+ Ke7 39. a4 Rg2 40.
Ra7+ Rd7 41. Rxd7+ Kxd7 42. h3 Rg3 43. Rd1+ Kc6 44. Rd3 Rg1+ 45. Ka2 e5 46. a5
e4 47. Ra3 Rf1 48. a6 Rf8 49. a7 Ra8 50. Kb1 Kd5 51. Kc1 Ke5 52. Kd2 Kf4 53.
Ke2 g5 54. b4 Ke5 55. Ke3 Kd5 56. c3 1-0

[Event "Acropolis 2007"]
[Site "Athens"]
[Date "2007.08.18"]
[Round "5.23"]
[White "Pountzas, Hrisanthos"]
[Black "Grigoriadis, Alexandros"]
[Result "1/2-1/2"]
[WhiteElo "2238"]
[BlackElo "2362"]
[Annotator "Michailidis Anastasios"]
[PlyCount "53"]
[EventDate "2007.08.14"]
[Source "Greek Chess Fed"]

1. c4 c5 2. Nf3 Nc6 3. Nc3 g6 4. e3 Bg7 5. d4 d6 6. d5 Ne5 7. Nd2 f5 8. f4 Nf7
9. Bd3 e5 10. dxe6 Bxe6 11. Qf3 Bxc3 12. bxc3 Qd7 13. Rb1 Rb8 14. e4 Nf6 15.
O-O O-O 16. exf5 Bxf5 17. Bxf5 Qxf5 18. Rxb7 Rxb7 19. Qxb7 Re8 20. Nf3 Re2 21.
Ng5 Nxg5 22. fxg5 Qe4 23. Qxe4 Nxe4 24. Bf4 Nd2 25. Bxd2 Rxd2 26. Rf2 Rd1+ 27.
Rf1 1/2-1/2

[Event "Acropolis 2007"]
[Site "Athens"]
[Date "2007.08.18"]
[Round "5.24"]
[White "Dounis, Alexandros"]
[Black "Zawadzka, Jolanta"]
[Result "0-1"]
[WhiteElo "2190"]
[BlackElo "2354"]
[Annotator "Michailidis Anastasios"]
[PlyCount "100"]
[EventDate "2007.08.14"]
[Source "Greek Chess Fed"]

1. Nf3 Nf6 2. g3 g6 3. Bg2 Bg7 4. O-O O-O 5. d4 d6 6. Re1 Nbd7 7. e4 e5 8. Nc3
Re8 9. h3 c6 10. a4 Qc7 11. Be3 b6 12. Qd2 Bb7 13. Rad1 a6 14. Bh6 b5 15. Bxg7
Kxg7 16. dxe5 dxe5 17. Nh4 h6 18. g4 Nf8 19. g5 hxg5 20. Qxg5 N8h7 21. Qe3 Nh5
22. Ne2 Qe7 23. Nf3 c5 24. Nc3 Nf4 25. Nd5 Bxd5 26. exd5 Nxg2 27. Kxg2 e4 28.
Nd2 Nf6 29. Qg5 Qd6 30. c4 Re5 31. Qg3 Rd8 32. axb5 axb5 33. b3 Qe7 34. Qc3 b4
35. Qe3 Nh5 36. Rg1 f5 37. Kf1 f4 38. Qe2 Nf6 39. Ra1 Qd7 40. Rh1 Qf5 41. Ra7+
Rd7 42. Ra5 Re8 43. Kg1 e3 44. Nf1 f3 45. Qxe3 Rxe3 46. Nxe3 Qb1+ 47. Kh2 Qb2
48. Rf1 Qe5+ 49. Kg1 Re7 50. Rd1 Qg5+ 0-1